Statistics for Biggest Trading Partners - Morocco

Click here to take the quiz!

General Stats

  • This quiz has been taken 244 times
  • The average score is 17 of 20

Answer Stats

ExportsImportsCountry% Correct
6.38 bil6.08 bilFrance
100%
6.92 bil8,10 bilSpain
100%
1.37 bil4.06 bilUnited States
99%
0.740 bilAlgeria
97%
5.09 bilChina
96%
0.928 bil2.49 bilGermany
95%
1.25 bil2.86 bilItaly
95%
0.830 bil1.13 bilUnited Kingdom
93%
0.450 bil1.32 bilPortugal
90%
0.312 bilCanada
86%
0.660 bil0.932 bilNetherlands
85%
0.591 bil2.29 bilTurkey
85%
0.474 bil0.811 bilBelgium
83%
0.296 bil1.76 bilRussia
83%
0.764 bilBrazil
79%
1.09 bil0.703 bilIndia
79%
1.69 bilSaudi Arabia
78%
0.818 bilUnited Arab Emirates
73%
0.290 bilPoland
62%
0.347 bilPakistan
43%

Score Distribution

Percentile by Number Answered

Percent of People with Each Score

Your Score History

You have not taken this quiz